Cartas a mamá : (Registro nro. 8772)

Detalles MARC
000 -LIDER
fixed length control field 01037nam a22002657a 4500
003 - IDENTIFICACDOR DE NÚMERO DE CONTROL
control field DO-SdBNP
005 - DATE AND TIME OF LATEST TRANSACTION
control field 20230517145734.0
008 - ELEMENTOS DE LONGITUD FIJA
fixed length control field 151118b 2008 mx |||| 00| 0 spa d
020 ## - ISBN
International Standard Book Number 9788483068076
040 ## - FUENTE DE CATALOGACIÓN
Agencia que crea de manera original el registro BPMSU
Idioma de catalogación spa
Agencia que realiza la transcripción BPMSU
082 #4 - NÚMERO DE CLASIFICACIÓN DECIMAL DE DEWEY
Classification number 920
Item number B562c 2008
Edition number 22
100 1# - ASIENTO PRINCIPAL -- NOMBRE PERSONAL
Nombre personal Betancourt Pulecio, Ingrid,
Fechas asociadas con el nombre 1961-
245 10 - MENCIÓN DE TITULO
Título Cartas a mamá :
Subtítulo desde el infierno /
Mención de responsabilidad Ingrid Betancourt, Mélanie y Lorenzo Delloye-Betancourt ; prefacio de Élie Wiesel.
260 ## - PUBLICACIÓN, DISTRIBUCIÓN, ETC. (PIE DE IMPRENTA)
Lugar de publicación, distribución, etc Barcelona :
Nombre del editor, distribuidor, etc. Random House Mondadori : Debate,
Fecha de publicación, distribución, etc 2008.
300 ## - DESCRIPCIÓN FÍSICA
Extensión 76 p. ;
Dimensiones 19 cm
490 0# - MENCIÓN DE SERIES
Mención de serie Público
534 ## - NOTA SOBRE LA VERSIÓN ORIGINAL
Asiento principal del original Título original :
Mención del título original Lettres à maman par-delà l'enfer.
590 ## - NOTA LOCAL
Texto de la nota local Inventariado, 2023/VM
600 14 - ENCABEZAMIENTO DE MATERIA--NOMBRE PERSONAL
Nombre personal Betancourt Pulecio, Ingrid,
Fechas asociadas con el nombre 1961-
Subdivisión temática general Correspondencia, memorias, etc.
600 14 - ENCABEZAMIENTO DE MATERIA--NOMBRE PERSONAL
Nombre personal Delloye-Betancourt, Mélanie
Subdivisión temática general Correspondencia, memorias, etc
600 14 - ENCABEZAMIENTO DE MATERIA--NOMBRE PERSONAL
Nombre personal Delloye-Betancourt, Lorenzo
Subdivisión temática general Correspondencia, memorias, etc.
700 1# - ASIENTO SECUNDARIO -- NOMBRE PERSONAL
Nombre personal Wiesel, Elie,
Fechas asociadas con el nombre 1928-
910 ## - VALIDACIÓN
Validación VMateo V. Control de calidad (BPMSU)
942 ## - ADDED ENTRY ELEMENTS (KOHA)
Source of classification or shelving scheme Dewey Decimal Classification
Koha item type Libros
Existencias
Withdrawn status Lost status Source of classification or shelving scheme Damaged status Not for loan Collection code Home library Current library Date acquired Source of acquisition Full call number Barcode Date last seen Price effective from Koha item type Copy number Total Checkouts
    Dewey Decimal Classification     Colección General Biblioteca Pública Metropolitana Salomé Ureña Biblioteca Pública Metropolitana Salomé Ureña 11/18/2015 Donación BPMSU CG 920 B562c 2008 BPMSU15110338 11/18/2015 11/18/2015 Libros    
    Dewey Decimal Classification     Colección General Biblioteca Pública Metropolitana Salomé Ureña Biblioteca Pública Metropolitana Salomé Ureña 11/13/2017 Donación BPMSU CG 920 B562c 2008 BPMSU17110166 11/13/2017 11/13/2017 Libros e.2  
    Dewey Decimal Classification     Colección General Biblioteca Pública Metropolitana Salomé Ureña Biblioteca Pública Metropolitana Salomé Ureña 11/13/2017 Donación BPMSU CG 920 B562c 2008 BPMSU25090066 09/16/2025 11/13/2017 Referencia e.3